000 01400nam a22002777a 4500
005 20170124103215.0
010 _aA-766921
020 _c00.00
_a8121604400
035 _aA-766921
037 _bCen Lib/Ret
040 _aDPL
_bHN
082 _a
_bसेंतेक
100 _aसेंतेकज्युपेरी, आंत्वान द
_998287
245 _aछोटा राजकुमार /
_cआंत्वान द सेंतेकज्युपेरी ; अनुवादक जगवंश किशोर बलबीर ; सम्पादक नफीस आफरीदी
246 _aChota rajkumar /
_bby Antvaan D Sentekzyuperi ; anuvadak Jagvansh Kishore Balbeer ; sampadak Nafees Afridi
260 _aदिल्ली
_bहिन्द पॉकेट बुक्स
_c1946
270 _aजी.टी.रोड, दिलशाद गार्डन
_bदिल्ली
_e110095
300 _a119पृ.
_c20सेमी(सजिल्द)
650 _aसाहित्य -- उपन्यास
_998288
650 _aहिन्दी उपन्यास
_998289
650 _aLiterature - fiction
_998290
650 _aHindi novel
_998291
700 _aजगवंश किशोर बलबीर
_998292
700 _aआफरीदी, नफीस
_998293
942 _2ddc
_cHN
_h
_mसेंतेक
999 _c121464
_d121464